Cinéma Clic - Qui meurt ou reste en vie dans le film Titanic (1997) ? - Statistiques

Statistiques générales
  • Ce quiz a été pris 806 fois
  • Le résultat moyen est 21 sur 28
Statistiques - réponses
Hint Extra Hint Réponse % Correct
Capitaine Edward John Smith Meurt dans le film (à l'issue du naufrage)
92%
Jack Dawson Meurt dans le film (à l'issue du naufrage)
92%
Wallace Hartley Meurt dans le film (à l'issue du naufrage)
91%
Rose DeWitt Bukater Reste en vie dans le film (à l'issue du naufrage)
91%
Fabrizio de Rossi Meurt dans le film (à l'issue du naufrage)
90%
Thomas "Tommy" Ryan Meurt dans le film (à l'issue du naufrage)
89%
Officier Joseph Bell Meurt dans le film (à l'issue du naufrage)
87%
Margaret « Molly » Brown Reste en vie dans le film (à l'issue du naufrage)
84%
William Murdoch Meurt dans le film (à l'issue du naufrage)
83%
Thomas Andrews Meurt dans le film (à l'issue du naufrage)
83%
Ruth DeWitt Bukater Reste en vie dans le film (à l'issue du naufrage)
83%
Mère irlandaise Meurt dans le film (à l'issue du naufrage)
82%
Père Thomas Byles Meurt dans le film (à l'issue du naufrage)
81%
Ida et Isidor Straus Meurt dans le film (à l'issue du naufrage)
80%
Mlle Trudy Bolt Meurt dans le film (à l'issue du naufrage)
80%
Caledon 'Cal' Hockley Reste en vie dans le film (à l'issue du naufrage)
80%
Benjamin Guggenheim Meurt dans le film (à l'issue du naufrage)
79%
Victor Giglio Meurt dans le film (à l'issue du naufrage)
78%
Jack Phillips Meurt dans le film (à l'issue du naufrage)
76%
Spicer Lovejoy Meurt dans le film (à l'issue du naufrage)
72%
Officier James Moody Meurt dans le film (à l'issue du naufrage)
69%
Officier Henry Wilde Meurt dans le film (à l'issue du naufrage)
65%
Joseph Bruce Ismay Reste en vie dans le film (à l'issue du naufrage)
65%
Colonel John Jacob Astor IV Meurt dans le film (à l'issue du naufrage)
64%
Harold Lowe Reste en vie dans le film (à l'issue du naufrage)
44%
Charles Lightoller Reste en vie dans le film (à l'issue du naufrage)
34%
Colonel Archibald Gracie IV Reste en vie dans le film (à l'issue du naufrage)
28%
Frederick Fleet Reste en vie dans le film (à l'issue du naufrage)
28%
Aucun quiz correspondant
Distribution des résultats
% des personnes avec chaque résultat
Percentile par nombre de réponses
Votre historique - résultats
Vous n’avez pas pris ce quiz